The further adventures of Jimmie Dale /

Bibliographic Details
Main Author: Packard, Frank Lucius, 1877-1942
Format: Book
Language:English
Published: Toronto : Copp, Clark Co., Ltd., [1919]

MARC

Tag First Indicator Second Indicator Subfields
LEADER 00000cam a2200000 i 4500
001 in00000577779
005 20151014080021.0
008 771205s1919 onc 00011 eng d
035 |a (OCoLC)03464147 
035 |9 ACP8332AM 
040 |a EEM  |c EEM  |d TXA  |d UtOrBLW 
049 |a TXAM  |c [A10139638] 
090 |a PS3531.A2154  |b F8 1919 
100 1 |a Packard, Frank Lucius,  |d 1877-1942. 
245 1 4 |a The further adventures of Jimmie Dale /  |c by Frank L. Packard. 
264 1 |a Toronto :  |b Copp, Clark Co., Ltd.,  |c [1919] 
264 4 |c ©1919 
300 |a 340 pages ;  |c 20 cm. 
336 |a text  |b txt  |2 rdacontent 
337 |a unmediated  |b n  |2 rdamedia 
338 |a volume  |b nc  |2 rdacarrier 
500 |a Running title: Adventures of Jimmie Dale. 
999 |a MARS 
999 f f |s b68ec984-8e3f-314d-93ef-39a3759950d5  |i 594187c2-db2d-3382-b2c4-5b9cab02d92a  |t 0 
952 f f |p ric  |a Texas A&M University  |b Rellis Campus  |c Joint Library Facility  |d Remote Storage  |t 0  |e PS3531.A2154 F8 1919  |h Library of Congress classification  |i unmediated -- volume  |m A14810139638 
998 f f |a PS3531.A2154 F8 1919  |t 0  |l Remote Storage